African Coastline By Length Quiz Stats

Quiz not verified by Sporcle

Challenge
Share
Tweet
Embed
Score 0/38 Timer 07:00
0 Plays Today
Country % Correct
Madagascar
97.4%
South Africa
95.8%
Somalia
95.2%
Mozambique
92.1%
Egypt
89.9%
Morocco
83.6%
Libya
81.5%
Angola
81%
Namibia
79.4%
Tanzania
78.3%
Algeria
74.1%
Eritrea
66.7%
Tunisia
66.7%
Cabo Verde
59.3%
Nigeria
57.1%
Democratic Republic of the Congo
54.5%
Kenya
54%
Gabon
53.4%
Mauritania
52.4%
Country % Correct
Ghana
52.4%
The Gambia
50.3%
Sudan
49.7%
Liberia
49.7%
Senegal
47.6%
Togo
47.6%
Côte d'Ivoire
46%
Seychelles
46%
Comoros
46%
Benin
45%
Cameroon
42.9%
Equatorial Guinea
42.9%
Mauritius
42.9%
Djibouti
41.8%
Sierra Leone
39.7%
Guinea
39.7%
São Tomé and Principe
39.2%
Guinea-Bissau
37.6%
Republic of the Congo
33.9%

You're not logged in!

Compare scores with friends on all Sporcle quizzes.
Sign Up with Email
OR
Log In

You Might Also Like...

Show Comments

Extras

Top Quizzes Today


Score Distribution

Your Account Isn't Verified!

In order to create a playlist on Sporcle, you need to verify the email address you used during registration. Go to your Sporcle Settings to finish the process.